| 000 | 00451nam a22001577a 4500 | ||
|---|---|---|---|
| 020 | _a0824715861 | ||
| 082 |
_a624.183 _bSHE _cL-38, P-79 |
||
| 100 |
_aSheppard, Walter Lee _943128 |
||
| 245 |
_aChemically resistant masonry _cWalter Lee Sheppard |
||
| 250 | _asecond edition / | ||
| 260 |
_aNew York : _bMarcel Dekker, Inc. _c1982. |
||
| 300 | _axv, 285 p. : | ||
| 526 |
_a0 _b0 _c0 _d624_183000000000000_SHE |
||
| 650 |
_aMCE _9379 |
||
| 942 |
_2ddc _cBK |
||
| 999 |
_c546927 _d546927 |
||